|
|
|
|
| LEADER |
00000cam a2200000 a 4500 |
| 001 |
vtls008386658 |
| 003 |
SK-MaSNL |
| 005 |
20260301184934.0 |
| 008 |
181109s1955 xo 000 0 hun |
| 015 |
|
|
|a SNBA19451955-007944
|
| 035 |
|
|
|a SK01SNKBKSFS20010078875
|
| 035 |
|
|
|a SKM000081338
|
| 040 |
|
|
|a SNK
|b slo
|c SNK
|e AACR2
|
| 041 |
0 |
|
|a hun
|
| 044 |
|
|
|a xo
|c SK
|
| 080 |
|
|
|a 329.15
|2 1981
|
| 080 |
|
|
|a 374.7
|2 1981
|
| 245 |
0 |
0 |
|a Műszaki- ipari és pénzügyi terv és vállalaton belüli tervezés
|b a népgazdaság kérdéseit tanulmányozó tanulókörök 2. tárgyköre
|
| 250 |
|
|
|a 1. kiad.
|
| 260 |
|
|
|a Bratislava
|b SZKP KB
|c 1955
|e Bratislava
|f Pravda
|
| 300 |
|
|
|a 39, [1] s.
|c V. 8°
|
| 366 |
|
|
|e 1400 výtl.
|
| 490 |
1 |
|
|a Az 1955-1956 pártoktatási év
|
| 650 |
0 |
7 |
|a politické vzdelávanie
|2 SNK
|9 69709
|
| 655 |
|
7 |
|a príručky
|2 SNKPH
|9 74364
|
| 830 |
|
0 |
|a Az 1955-1956 pártoktatási év
|9 424692
|
| 958 |
|
|
|a RK
|
| 958 |
|
|
|a TL
|
| 999 |
|
|
|c 862199
|d 864129
|
| 952 |
|
|
|t P60, <03>, [BOOK], {603}
|a SNK
|b SNK
|y PREZ
|7 0
|p 17A0430099
|o snkSD 10184
|i snk8518/55
|0 0
|1 0
|4 0
|d 2004-05-27
|l 0
|r 2025-11-24 00:00:00
|w 2026-02-24
|